| 000 | 00629nam a22002297a 4500 | ||
|---|---|---|---|
| 001 | 63260 | ||
| 003 | BD-RjUL | ||
| 005 | 20211209081156.0 | ||
| 008 | 170129s1967 ilua|||| ||b| 001 0 eng d | ||
| 035 | _a(BD-RjUL)63389 | ||
| 040 |
_aBD-RjUL _beng _cBD-RjUL |
||
| 041 | _aeng | ||
| 082 |
_223 _a658.87 _bJOR 1969 |
||
| 100 | 1 |
_aJones, Fred M. _9188291 |
|
| 245 | 1 | 0 |
_aRetail management / _cFred M. Jones. |
| 250 | _arev. ed. | ||
| 260 |
_aHomewood, ill. : _bR. D. Irwin, _cc1967 [printing 1969]. |
||
| 300 |
_axiii, 669 p. : _bill. ; _c23 cm. |
||
| 500 | _aIncludes index. | ||
| 650 |
_aRetail trade. _9183416 |
||
| 942 |
_2ddc _cBK |
||
| 999 |
_c63260 _d63260 |
||